Paanch Saat Paanch Haico (Record no. 298452)

000 -LEADER
fixed length control field 00251 a2200109 4500
001 - CONTROL NUMBER
control field 63379
082 ## - DEWEY DECIMAL CLASSIFICATION NUMBER
Classification number 891.4391 SAR
090 ## - LOCALLY ASSIGNED LC-TYPE CALL NUMBER (OCLC); LOCAL CALL NUMBER (RLIN)
-- 37430
-- 37430
100 ## - MAIN ENTRY--PERSONAL NAME
Personal name Sarwat Sultana Sarwat
245 ## - TITLE STATEMENT
Title Paanch Saat Paanch Haico
Medium Urdu
260 ## - PUBLICATION, DISTRIBUTION, ETC.
Place of publication, distribution, etc. Pakistan
942 ## - ADDED ENTRY ELEMENTS (KOHA)
Institution code [OBSOLETE] CAE NUST
Call number prefix 891.4391 SAR
Holdings
Withdrawn status Lost status Damaged status Not for loan Collection code Permanent Location Current Location Date acquired Total Checkouts Full call number Barcode Date last seen Price effective from Koha item type
          College of Aeronautical Engineering (CAE) College of Aeronautical Engineering (CAE) 04/03/2017   891.4391 SAR CAEG-5512 04/05/2017 04/05/2017 Book
© 2023 Central Library, National University of Sciences and Technology. All Rights Reserved.